=LDR 00000nam 2200000 4500 =001 INLIS000000000049641 =005 20170308093305.0 =006 =007 =008 =020 ##$$a 978 - 602 - 73317 - 23 =035 ##$$0010-031700000000086 =040 ##$$a NBPDMAT =082 ##$$a 346 046 75 =084 ##$$a 346 046 75 Ast p =100 ##$$a Astan Wirya =245 ##$$a Penanggulangan tindak pindana kehutanan / $c Astan Wirya ; $b editor, abd. Hasan =260 ##$$a Jakarta bania publishing, 2014 =300 ##$$a x, 152 hlm : $c 24 cm =650 ##$$a Tindak Pidana Kehutanan =700 ##$$a Abdul Hasan =990 ##$$a 261/46/2017 =990 ##$$a 21603835 =990 ##$$a 21603836 =990 ##$$a 21603837 =990 ##$$a 21603838 =990 ##$$a 261/46/2017 =990 ##$$a 21603835 =990 ##$$a 21603836 =990 ##$$a 21603837 =990 ##$$a 261/46/2017 =990 ##$$a 261/46/2017 =990 ##$$a 21603835 =990 ##$$a 21603836 =990 ##$$a 261/46/2017 =990 ##$$a 261/46/2017 =990 ##$$a 261/46/2017 =990 ##$$a 21603835 =990 ##$$a 261/46/2017 =990 ##$$a 261/46/2017 =990 ##$$a 261/46/2017 =990 ##$$a 261/46/2017 =990 ##$$a 261/46/2017 =990 ##$$a 261/46/2017 =990 ##$$a 261/46/2017 =990 ##$$a 261/46/2017